000 00271nam a2200121 a 4500
001 4140
005 20140414132039.0
008 090218s19uu xx 00 eng d
050 _aBB
_bB85 2006
100 _aBlessings
245 _aThe Bubbly bumblebee.
999 _c113816
_d113816